000 00844 a2200241 4500
005 20090827120413.0
008 090827t xxu||||| |||| 00| 0 eng d
010 _aENG-89447
020 _a8120334625
_c650.00
035 _aEN-72980
037 _bDBAD / PUB
082 _a005.2768
100 _aBuch, Jeremy
245 _aMicrosoft Office Communications Server 2007 resource kit/
_cby Jeremy Buch, Rui Maximo and Jochen Kunert
260 _aNew Delhi
_bPrentice-Hall of India
_c2008
270 _aM-97, Connaught Circus,
_bNew Delhi
_cDelhi
_e110001
300 _axxiv, 758p.
_c24cm. (Pbk)
_eCD-ROM
500 _aIncludes index.
700 _aMaximo, Rui
700 _aKunert, Jochen
942 _adpl
_cEN
_k005.2768/ BUC
_2ddc
999 _c10651
_d10651